[Event "Seefeld-Casino op 19th"]
[Site "Seefeld/Tirol (5.9.-13.9)"]
[Date "2008.09.11"]
[Round "7.29"]
[White "Kliem, Klaus-Peter"]
[Black "Grosse, Manfred"]
[Result "0-1"]
[WhiteElo "1662"]
[BlackElo "1837"]
[PlyCount "78"]
[EventDate "2008.09.??"]
[EventType "swiss"]
[EventRounds "9"]
[Source "Ganslmayer"]
[SourceDate "2010.03.14"]
[WhiteTeam "Oeffingen Sfr."]
[BlackTeam "Sindelfingen VfL"]

1. d4 g6 2. Nf3 Bg7 3. c4 Nf6 4. Nc3 c5 5. d5 d6 6. g3 O-O 7. Bg2 Na6 8. O-O
Bd7 9. e4 Nc7 10. Rb1 b5 11. cxb5 Nxb5 12. Nxb5 Bxb5 13. Re1 Ng4 14. b3 Ne5 15.
Nxe5 Bxe5 16. Bb2 Bxb2 17. Rxb2 Qa5 18. Qd2 Qa3 19. Rbb1 Rac8 20. Bf1 Bxf1 21.
Kxf1 a5 22. Re3 Qb4 23. Qc1 e6 24. Qc4 exd5 25. exd5 Rfe8 26. Rbe1 Rxe3 27.
Rxe3 Qd2 28. Re2 Qd1+ 29. Kg2 a4 30. Re7 axb3 31. Qxb3 Qxb3 32. axb3 Rb8 33.
Rd7 Rb6 34. Kf1 Kf8 35. Ra7 Rxb3 36. Ra6 Ke7 37. Ra7+ Kf6 38. Ra6 Ke5 39. Ra7
Rf3 0-1

[Event "Seefeld-Casino op 19th"]
[Site "Seefeld/Tirol (5.9.-13.9)"]
[Date "2008.09.11"]
[Round "7.30"]
[White "Becker, Wolfgang(11.58)"]
[Black "Verwer, Renzo"]
[Result "1-0"]
[WhiteElo "1778"]
[BlackElo "1522"]
[PlyCount "51"]
[EventDate "2008.09.??"]
[EventType "swiss"]
[EventRounds "9"]
[Source "Ganslmayer"]
[SourceDate "2010.03.14"]

1. e4 d6 2. d4 Nf6 3. Nc3 Nbd7 4. f4 e5 5. fxe5 dxe5 6. dxe5 Nxe5 7. Qxd8+ Kxd8
8. Bf4 Ng6 9. O-O-O+ Bd7 10. Bg3 Ke8 11. Bxc7 Ng4 12. Nh3 Bc5 13. Bc4 Ne3 14.
Bxf7+ Ke7 15. Rd3 Rac8 16. Bxg6 hxg6 17. Bf4 Nxg2 18. Bg5+ Ke8 19. Ng1 b5 20.
Nf3 b4 21. Ne5 Be6 22. Nb5 Rh5 23. h4 Nxh4 24. Nc7+ Kf8 25. Nxe6+ Kg8 26. Rxh4
1-0

[Event "Seefeld-Casino op 19th"]
[Site "Seefeld/Tirol (5.9.-13.9)"]
[Date "2008.09.11"]
[Round "7.31"]
[White "Schett, Franz"]
[Black "Michel, Jan"]
[Result "1-0"]
[WhiteElo "1621"]
[BlackElo "1481"]
[PlyCount "69"]
[EventDate "2008.09.??"]
[EventType "swiss"]
[EventRounds "9"]
[Source "Ganslmayer"]
[SourceDate "2010.03.14"]

1. e4 e5 2. Nf3 Nf6 3. Nxe5 Be7 4. Nc3 d6 5. Nf3 O-O 6. Be2 Bg4 7. h3 Bxf3 8.
Bxf3 c6 9. O-O Nbd7 10. d4 Rb8 11. Bf4 Ne8 12. e5 Qc7 13. Re1 Nb6 14. Qd2 dxe5
15. dxe5 Rd8 16. Qe2 h6 17. Bg3 Nc8 18. Bg4 Kh8 19. f4 Qb6+ 20. Kh2 Qxb2 21.
Ne4 Qa3 22. Reb1 b5 23. c3 Qa6 24. f5 f6 25. exf6 Nxf6 26. Bf3 Nd6 27. Nc5 Qc8
28. Ne6 Nf7 29. Nxf8 Rxf8 30. Be5 Ne8 31. Rd1 Nxe5 32. Qxe5 Bd6 33. Rxd6 Nxd6
34. Qxd6 Rd8 35. Qxc6 1-0

[Event "Seefeld-Casino op 19th"]
[Site "Seefeld/Tirol (5.9.-13.9)"]
[Date "2008.09.11"]
[Round "7.32"]
[White "Dallmeier, Gerhard"]
[Black "Ganslmayer, Herbert"]
[Result "1/2-1/2"]
[WhiteElo "1693"]
[BlackElo "1724"]
[PlyCount "92"]
[EventDate "2008.09.??"]
[EventType "swiss"]
[EventRounds "9"]
[Source "Ganslmayer"]
[SourceDate "2010.03.14"]

1. e4 c6 2. d4 g6 3. Nc3 Bg7 4. Be3 d5 5. f3 h5 6. h4 Nd7 7. Qd2 a6 8. O-O-O
Nb6 9. Kb1 a5 10. a3 Be6 11. Nh3 Bxh3 12. Rxh3 Qd7 13. Be2 e6 14. e5 Ne7 15. g4
Qc7 16. Bf4 Nd7 17. Bd3 b5 18. Na2 Nb6 19. b3 a4 20. b4 Nc4 21. Bxc4 dxc4 22.
Bg5 O-O-O 23. Qe2 Rd7 24. Nc3 Rhd8 25. Bxe7 Rxe7 26. Ne4 Rd5 27. Nd6+ Kb8 28.
c3 Rxd6 29. exd6 Qxd6 30. Qd2 Kb7 31. g5 Qd5 32. Rg3 Rd7 33. f4 Bf8 34. Kb2 c5
35. Qg2 cxb4 36. Qxd5+ Rxd5 37. axb4 Kc6 38. Re1 Bd6 39. Re4 Rf5 40. Rf3 Kd5
41. Re1 Bxf4 42. Ref1 Ke4 43. Kc2 e5 44. dxe5 Bxe5 45. Rxf5 gxf5 46. Re1+ Kf4
1/2-1/2

[Event "Seefeld-Casino op 19th"]
[Site "Seefeld/Tirol (5.9.-13.9)"]
[Date "2008.09.11"]
[Round "7.33"]
[White "Aab, Manfred"]
[Black "Handl, Hans"]
[Result "0-1"]
[WhiteElo "1532"]
[BlackElo "1759"]
[PlyCount "70"]
[EventDate "2008.09.??"]
[EventType "swiss"]
[EventRounds "9"]
[Source "Ganslmayer"]
[SourceDate "2010.03.14"]
[WhiteTeam "Waiblingen SC"]
[BlackTeam "AUT/Hak-Innsbruck"]
[BlackTeamCountry "AUT"]

1. d4 Nf6 2. c4 c6 3. Nc3 d5 4. Nf3 dxc4 5. a4 Nd5 6. e3 b5 7. Ne5 e6 8. axb5
Nxc3 9. bxc3 Bb7 10. Qa4 Qc7 11. Bxc4 Bd6 12. bxc6 Nxc6 13. Bb5 Bxe5 14. dxe5
O-O 15. O-O Nxe5 16. Bb2 Qb6 17. Rab1 Qc7 18. Rfd1 a6 19. Be2 Rfc8 20. Rd4 Bc6
21. Qd1 a5 22. Ba3 Ng6 23. c4 a4 24. c5 Rd8 25. Rd6 Rab8 26. Rxb8 Rxb8 27. Bd3
Nh4 28. Bf1 Nf5 29. Rd2 h6 30. Bd3 Ne7 31. Qe2 Rb3 32. Ra2 Bd5 33. Ra1 Qe5 34.
Ra2 Qc3 35. Rb2 Qxd3 0-1

[Event "Seefeld-Casino op 19th"]
[Site "Seefeld/Tirol (5.9.-13.9)"]
[Date "2008.09.11"]
[Round "7.34"]
[White "Perkmann, Gottfried"]
[Black "Egger, Herbert"]
[Result "1-0"]
[WhiteElo "1801"]
[BlackElo "1698"]
[PlyCount "95"]
[EventDate "2008.09.??"]
[EventType "swiss"]
[EventRounds "9"]
[Source "Ganslmayer"]
[SourceDate "2010.03.14"]
[BlackTeamCountry "AUT"]

1. d4 d5 2. Nf3 Nf6 3. c4 c6 4. e3 Bg4 5. Nc3 e6 6. cxd5 cxd5 7. Be2 Nc6 8. O-O
Be7 9. a3 O-O 10. Re1 h6 11. h3 Bh5 12. Ne5 Bxe2 13. Qxe2 Bd6 14. Nxc6 bxc6 15.
e4 dxe4 16. Nxe4 Be7 17. Qc4 Qd5 18. Qxd5 cxd5 19. Nc3 Rab8 20. Re2 Rfc8 21.
Bf4 Rb7 22. Rc1 Rd8 23. Be5 a6 24. Kh2 Ne8 25. Nd1 Nd6 26. Rc6 a5 27. Ne3 f6
28. Bg3 Kf7 29. f3 Nb5 30. Rd2 f5 31. a4 Na7 32. Ra6 Nc8 33. Rc2 g5 34. Bc7 Rf8
35. Rxa5 Rxc7 36. Rxc7 Kf6 37. Rd7 h5 38. g4 Bd6+ 39. Kg2 hxg4 40. fxg4 Bf4 41.
Nxd5+ Kg6 42. Nxf4+ gxf4 43. gxf5+ exf5 44. Kf3 Rh8 45. Ra6+ Kh5 46. Kxf4 Kh4
47. b4 Kxh3 48. b5 1-0

[Event "Seefeld-Casino op 19th"]
[Site "Seefeld/Tirol (5.9.-13.9)"]
[Date "2008.09.11"]
[Round "7.35"]
[White "Loew, Bernd"]
[Black "Duric, Rajko"]
[Result "0-1"]
[WhiteElo "1498"]
[BlackElo "1694"]
[PlyCount "80"]
[EventDate "2008.09.??"]
[EventType "swiss"]
[EventRounds "9"]
[Source "Ganslmayer"]
[SourceDate "2010.03.14"]
[BlackTeamCountry "AUT"]

1. e4 d6 2. d4 Nf6 3. Nc3 e6 4. Bf4 Be7 5. Bd3 Nbd7 6. Nf3 Nh5 7. Be3 Nhf6 8.
h3 b6 9. Qe2 Bb7 10. Nd2 e5 11. O-O exd4 12. Bxd4 c5 13. Be3 Ne5 14. Bb5+ Bc6
15. Ba6 O-O 16. f4 Ned7 17. Rad1 Qc7 18. Bc4 Rfe8 19. Nd5 Nxd5 20. exd5 Bb7 21.
Ne4 a6 22. Qf3 b5 23. Be2 Nf6 24. Nxf6+ Bxf6 25. Bc1 Qe7 26. Rfe1 Bd4+ 27. Kf1
Qh4 28. c3 Bxd5 29. cxd4 Bxf3 30. Bxf3 Rxe1+ 31. Rxe1 Rd8 32. d5 Kf8 33. Bd2
Re8 34. Rd1 Qf6 35. Bc1 Qf5 36. g4 Qc2 37. Kg1 Qxd1+ 38. Bxd1 Re1+ 39. Kf2 Rxd1
40. Be3 Rxd5 0-1

[Event "Seefeld-Casino op 19th"]
[Site "Seefeld/Tirol (5.9.-13.9)"]
[Date "2008.09.11"]
[Round "7.36"]
[White "Bretscher, Robert"]
[Black "Senn, Othmar"]
[Result "0-1"]
[WhiteElo "1546"]
[BlackElo "1653"]
[PlyCount "94"]
[EventDate "2008.09.??"]
[EventType "swiss"]
[EventRounds "9"]
[Source "Ganslmayer"]
[SourceDate "2010.03.14"]
[BlackTeamCountry "AUT"]

1. e4 d5 2. exd5 Nf6 3. Nf3 Nxd5 4. d4 Bg4 5. Be2 e6 6. O-O Bf5 7. c3 Bd6 8.
Bd3 Bxd3 9. Qxd3 h6 10. Nbd2 Nf6 11. Qb5+ Nbd7 12. Qxb7 O-O 13. Qb3 c5 14. dxc5
Nxc5 15. Qc2 Rc8 16. Nb3 Bb8 17. Nbd4 Qd5 18. Ne2 e5 19. Qf5 Qd3 20. Ng3 Qxf5
21. Nxf5 e4 22. N3d4 Nd3 23. Ne7+ Kh7 24. Nxc8 Rxc8 25. h3 Nd7 26. Rb1 g6 27.
Be3 N7e5 28. Ne2 Nc4 29. b3 Na3 30. Rbd1 Be5 31. c4 a6 32. Bd4 Bd6 33. f3 f5
34. fxe4 Nb4 35. exf5 g5 36. Bb2 Bc5+ 37. Kh1 Nac2 38. Rd7+ Kg8 39. Rg7+ Kf8
40. Rd1 Re8 41. Ng1 Ne3 42. Rdd7 Re7 43. Rd8+ Re8 44. Rxe8+ Kxe8 45. f6 Nd3 46.
Bc3 Nf2+ 47. Kh2 Nf1# 0-1

[Event "Seefeld-Casino op 19th"]
[Site "Seefeld/Tirol (5.9.-13.9)"]
[Date "2008.09.11"]
[Round "7.37"]
[White "Rudolph, Joachim"]
[Black "Breedveld-Schut, Carmen"]
[Result "1-0"]
[WhiteElo "1578"]
[BlackElo "1204"]
[PlyCount "85"]
[EventDate "2008.09.??"]
[EventType "swiss"]
[EventRounds "9"]
[Source "Ganslmayer"]
[SourceDate "2010.03.14"]
[BlackTeamCountry "AUT"]

1. Nf3 Nc6 2. d4 d5 3. Bf4 Nf6 4. e3 e6 5. Nbd2 b6 6. Bb5 Bd7 7. O-O a6 8. Ba4
b5 9. Bb3 Bc8 10. c3 Bb7 11. Bc2 Bd6 12. Ne5 O-O 13. Bg3 Ne7 14. Ndf3 Ne4 15.
Nd3 Bxg3 16. fxg3 Nf5 17. Qe2 h6 18. Nfe5 Bc8 19. g4 Nh4 20. Nf2 Qg5 21. Nxe4
dxe4 22. Bxe4 Ra7 23. Bf3 f5 24. gxf5 exf5 25. Bd5+ Kh7 26. g3 Bb7 27. Bxb7
Rxb7 28. Kh1 Ng6 29. Nd3 Rb6 30. Rae1 Rbf6 31. Nc5 Re8 32. Qf3 h5 33. Nd3 h4
34. Nf4 Re4 35. Rg1 Ne5 36. dxe5 Rh6 37. g4 Rxe5 38. h3 Qd8 39. g5 Rd6 40. g6+
Kg8 41. Qh5 Qa8+ 42. Rg2 Kf8 43. Qh8+ 1-0

[Event "Seefeld-Casino op 19th"]
[Site "Seefeld/Tirol (5.9.-13.9)"]
[Date "2008.09.11"]
[Round "7.38"]
[White "Bangert, Ruediger"]
[Black "Abraham, Helmut"]
[Result "1-0"]
[WhiteElo "1461"]
[BlackElo "1352"]
[PlyCount "79"]
[EventDate "2008.09.??"]
[EventType "swiss"]
[EventRounds "9"]
[Source "Ganslmayer"]
[SourceDate "2010.03.14"]
[BlackTeamCountry "AUT"]

1. d4 Nf6 2. c4 g6 3. Nc3 d5 4. e3 Bg7 5. Be2 O-O 6. Nf3 c6 7. O-O Bf5 8. Nd2
Nbd7 9. Qb3 e5 10. dxe5 Nxe5 11. cxd5 cxd5 12. Nf3 Nxf3+ 13. Bxf3 Be6 14. Qa3
a6 15. Ne2 Qd7 16. Nf4 Rfd8 17. Nxe6 fxe6 18. b3 Ne4 19. Rb1 Nc3 20. Bd2 Nxb1
21. Rxb1 Rac8 22. Bd1 d4 23. e4 Qb5 24. b4 Rf8 25. Rb3 e5 26. Rh3 Rcd8 27. Qg3
h5 28. Qxg6 Rf6 29. Qxh5 Qe8 30. Qh7+ Kf8 31. Bg5 Rd7 32. Bxf6 Bxf6 33. Qf5 Qf7
34. Bb3 Rc7 35. g3 Qg7 36. g4 Ke8 37. Rf3 Bg5 38. Qe6+ Qe7 39. Qg8+ Kd7 40. Rf7
1-0

[Event "Seefeld-Casino op 19th"]
[Site "Seefeld/Tirol (5.9.-13.9)"]
[Date "2008.09.12"]
[Round "8.1"]
[White "Van der Weide, Karel"]
[Black "Jaenig, Reinhard"]
[Result "1-0"]
[WhiteElo "2415"]
[BlackElo "2110"]
[PlyCount "109"]
[EventDate "2008.09.??"]
[EventType "swiss"]
[EventRounds "9"]
[Source "Ganslmayer"]
[SourceDate "2010.03.14"]
[BlackTeamCountry "AUT"]

1. e4 c5 2. Nf3 e6 3. d4 cxd4 4. Nxd4 a6 5. Nc3 Nc6 6. Nxc6 bxc6 7. Bd3 Nf6 8.
O-O Be7 9. Re1 O-O 10. Bf4 d5 11. Qf3 g6 12. Bg5 Bb7 13. Rad1 Re8 14. Na4 Nd7
15. Bxe7 Qxe7 16. c4 Qb4 17. b3 Nc5 18. Nxc5 Qxc5 19. h4 Qe7 20. Qg3 d4 21. e5
c5 22. Be4 Bxe4 23. Rxe4 a5 24. Rf4 a4 25. h5 axb3 26. axb3 Ra3 27. Rf6 Rea8
28. Rd3 Ra1+ 29. Kh2 Re1 30. hxg6 fxg6 31. Rxg6+ Kh8 32. Rg5 Qf8 33. Qf3 Qxf3
34. Rxf3 Rg8 35. Rh5 Rg6 36. g3 Kg7 37. Kg2 h6 38. b4 cxb4 39. Rb3 Rg5 40. Rh4
Rgxe5 41. Rxd4 R5e4 42. Rxe4 Rxe4 43. Rxb4 Kf6 44. Kf3 Rd4 45. Ke3 Rg4 46. Kd3
h5 47. Kc3 h4 48. gxh4 Rxh4 49. Rb2 Ke5 50. Rd2 Rh8 51. c5 Ke4 52. Kc4 Kf3 53.
c6 e5 54. Kc5 e4 55. c7 1-0

[Event "Seefeld-Casino op 19th"]
[Site "Seefeld/Tirol (5.9.-13.9)"]
[Date "2008.09.12"]
[Round "8.2"]
[White "Mueller, Ralf(03.69)"]
[Black "Jandke, Manfred"]
[Result "1-0"]
[WhiteElo "2374"]
[BlackElo "2119"]
[PlyCount "89"]
[EventDate "2008.09.??"]
[EventType "swiss"]
[EventRounds "9"]
[Source "Ganslmayer"]
[SourceDate "2010.03.14"]
[WhiteTeam "Böblingen-HP SC"]
[BlackTeam "Lübbenau SSG"]

1. Nf3 d5 2. d4 Nf6 3. c4 c6 4. Nc3 e6 5. e3 Nbd7 6. Bd3 Bd6 7. O-O O-O 8. e4
dxe4 9. Nxe4 Nxe4 10. Bxe4 f5 11. Bc2 Qf6 12. c5 Bc7 13. Ng5 Re8 14. Qh5 Qg6
15. Qxg6 hxg6 16. Re1 Nf6 17. Bb3 Nd5 18. Bxd5 cxd5 19. g3 a5 20. Bf4 Bd8 21.
Nf3 Bf6 22. Kf1 b6 23. cxb6 Ba6+ 24. Kg1 Bd8 25. Bc7 Bxc7 26. bxc7 Rac8 27.
Rac1 Re7 28. Rc6 Bb7 29. Rcxe6 Rxe6 30. Rxe6 Rxc7 31. Ng5 Rc1+ 32. Kg2 Bc6 33.
Re7 Bb5 34. Ra7 Bf1+ 35. Kf3 Kf8 36. Rxa5 Rc2 37. b3 Ke7 38. Ra7+ Kd6 39. Rxg7
Rxa2 40. Rxg6+ Kd7 41. Ne6 Ke7 42. Nf4 Ra3 43. Nxd5+ Kf7 44. Rf6+ Kg7 45. Rxf5
1-0

[Event "Seefeld-Casino op 19th"]
[Site "Seefeld/Tirol (5.9.-13.9)"]
[Date "2008.09.12"]
[Round "8.3"]
[White "Bronznik, Valeri"]
[Black "Pregl, Walter"]
[Result "1-0"]
[WhiteElo "2306"]
[BlackElo "2257"]
[PlyCount "107"]
[EventDate "2008.09.??"]
[EventType "swiss"]
[EventRounds "9"]
[Source "Ganslmayer"]
[SourceDate "2010.03.14"]

1. d4 Nf6 2. c4 g6 3. Nc3 Bg7 4. e4 d6 5. h3 O-O 6. Bg5 c5 7. d5 Nbd7 8. Nf3 b5
9. cxb5 a6 10. a4 Qa5 11. Bd2 axb5 12. Bxb5 Ba6 13. O-O Bxb5 14. Nxb5 Qb6 15.
Qc2 Rfb8 16. Rab1 Ne8 17. b3 Qb7 18. Bc3 Bxc3 19. Qxc3 Nef6 20. Rfe1 Rf8 21.
Nd2 Nb6 22. Nc4 Nxc4 23. bxc4 Qd7 24. a5 Ra6 25. e5 Ne8 26. e6 fxe6 27. Rxe6
Ng7 28. Re2 Nh5 29. Rbe1 Rf7 30. Re6 Ng7 31. R6e3 Qd8 32. Ra1 Rf4 33. g3 Rf7
34. Kg2 Qd7 35. Qc2 Qd8 36. Rea3 Qd7 37. Qe4 Qd8 38. R1a2 Qd7 39. Qe1 Qd8 40.
Re2 Kf8 41. Rea2 Kg8 42. Qb1 Qd7 43. Nc3 Ra8 44. a6 Rff8 45. Rb3 Qe8 46. Rb7
Nf5 47. Qe4 Qc8 48. Qe6+ Qxe6 49. dxe6 Nd4 50. Rxe7 Rf6 51. Nd5 Rxe6 52. Rxe6
Nxe6 53. a7 Kf7 54. Nb6 1-0

[Event "Seefeld-Casino op 19th"]
[Site "Seefeld/Tirol (5.9.-13.9)"]
[Date "2008.09.12"]
[Round "8.4"]
[White "Vrban, Damir"]
[Black "Gatterer, Florian"]
[Result "1-0"]
[WhiteElo "2207"]
[BlackElo "2228"]
[PlyCount "82"]
[EventDate "2008.09.??"]
[EventType "swiss"]
[EventRounds "9"]
[Source "Ganslmayer"]
[SourceDate "2010.03.14"]
[WhiteTeam "AUT/Absam"]
[BlackTeam "Böblingen-HP SC"]
[WhiteTeamCountry "AUT"]

1. e4 c6 2. d4 d5 3. e5 c5 4. c4 Nc6 5. Nf3 cxd4 6. Nxd4 e6 7. Nc3 Bb4 8. Nxc6
bxc6 9. Qa4 Rb8 10. a3 Ba5 11. b4 Bc7 12. cxd5 Bxe5 13. Bd2 Ne7 14. dxc6 O-O
15. Rd1 Qc7 16. b5 a6 17. f4 Bf6 18. Ne4 axb5 19. Nxf6+ gxf6 20. Bxb5 Nd5 21.
Bd3 Qb6 22. Qc2 Kg7 23. Rb1 Qa7 24. Rxb8 Qxb8 25. O-O Qa7+ 26. Kh1 Qxa3 27. Rf3
Ba6 28. Bxh7 Qa1+ 29. Bc1 Qa5 30. Qf2 Rh8 31. Bc2 Qa1 32. Rg3+ Kf8 33. Qg1 Qd4
34. Ba3+ Ke8 35. Qb1 Qb6 36. Rb3 Qc7 37. Rb8+ Bc8 38. Bd6 Qd8 39. c7 Qd7 40.
Rxc8+ Qxc8 41. Ba4+ Qd7 1-0

[Event "Seefeld-Casino op 19th"]
[Site "Seefeld/Tirol (5.9.-13.9)"]
[Date "2008.09.12"]
[Round "8.5"]
[White "Schnitzspan, Lothar"]
[Black "Goy, Udo"]
[Result "1-0"]
[WhiteElo "2240"]
[BlackElo "2143"]
[PlyCount "53"]
[EventDate "2008.09.??"]
[EventType "swiss"]
[EventRounds "9"]
[Source "Ganslmayer"]
[SourceDate "2010.03.14"]
[WhiteTeamCountry "AUT"]

1. Nf3 d6 2. c4 e5 3. Nc3 Nf6 4. g3 Be7 5. Bg2 O-O 6. O-O c6 7. d3 Nbd7 8. Rb1
a5 9. a3 Nc5 10. b4 axb4 11. axb4 Ne6 12. Bb2 Nd7 13. Qb3 Nd4 14. Nxd4 exd4 15.
Ne4 c5 16. Ra1 Rxa1 17. Rxa1 f5 18. Nd2 f4 19. bxc5 Nxc5 20. Qc2 fxg3 21. hxg3
Bf6 22. Bd5+ Kh8 23. Nf3 Bg4 24. Nxd4 Qe8 25. Nf3 h5 26. Bxf6 Rxf6 27. d4 1-0

[Event "Seefeld-Casino op 19th"]
[Site "Seefeld/Tirol (5.9.-13.9)"]
[Date "2008.09.12"]
[Round "8.6"]
[White "Herbold, Manfred"]
[Black "Knechtel, Roland"]
[Result "1/2-1/2"]
[WhiteElo "2115"]
[BlackElo "2169"]
[PlyCount "33"]
[EventDate "2008.09.??"]
[EventType "swiss"]
[EventRounds "9"]
[Source "Ganslmayer"]
[SourceDate "2010.03.14"]
[WhiteTeamCountry "AUT"]

1. e4 c5 2. b4 b6 3. bxc5 bxc5 4. Bc4 e6 5. Nc3 Ba6 6. Bxa6 Nxa6 7. Nf3 Rb8 8.
O-O Ne7 9. Re1 Nc6 10. d3 Be7 11. Nd5 exd5 12. exd5 O-O 13. dxc6 Bf6 14. Bf4
Bxa1 15. Bxb8 Nxb8 16. Qxa1 Nxc6 17. Qc3 1/2-1/2

[Event "Seefeld-Casino op 19th"]
[Site "Seefeld/Tirol (5.9.-13.9)"]
[Date "2008.09.12"]
[Round "8.7"]
[White "Platzgummer, Fabian"]
[Black "Breedveld, Andre"]
[Result "1-0"]
[WhiteElo "2262"]
[BlackElo "2139"]
[PlyCount "143"]
[EventDate "2008.09.??"]
[EventType "swiss"]
[EventRounds "9"]
[Source "Ganslmayer"]
[SourceDate "2010.03.14"]
[WhiteTeamCountry "AUT"]

1. d4 Nf6 2. c4 c5 3. d5 e5 4. Nc3 d6 5. e4 Be7 6. Bd3 Nbd7 7. Nge2 h5 8. f3 h4
9. Be3 Nf8 10. Qd2 a6 11. O-O Ng6 12. b4 b6 13. Rab1 Bd7 14. a4 a5 15. bxc5
bxc5 16. Rb7 Bc8 17. Rb2 Kf8 18. Rfb1 Ne8 19. Nb5 Rh5 20. Rf1 Bg5 21. f4 exf4
22. Nxf4 Nxf4 23. Bxf4 Bxf4 24. Qxf4 f6 25. Be2 Rh7 26. e5 dxe5 27. Qxe5 Qe7
28. Qxe7+ Kxe7 29. Bf3 Kd8 30. d6 Ra6 31. Be4 Rh6 32. Bf5 Bxf5 33. Rxf5 Nxd6
34. Rd2 Kd7 35. Rxc5 f5 36. Rxf5 Ke7 37. Rc5 Ne8 38. Rc8 Rae6 39. Rcd8 Rhf6 40.
Rxe8+ Kxe8 41. Nc7+ Ke7 42. Nxe6 Kxe6 43. Rd4 g5 44. Rd5 Rf5 45. Rb5 g4 46. g3
hxg3 47. hxg3 Rf3 48. Kg2 Rc3 49. Rc5 Rc2+ 50. Kf1 Rc3 51. Kf2 Rf3+ 52. Kg2 Rc3
53. Rxa5 Rc2+ 54. Kf1 Rxc4 55. Kf2 Re4 56. Ra8 Kf7 57. a5 Kg7 58. a6 Ra4 59.
Ke3 Kf7 60. Kd3 Kg7 61. Kc3 Ra3+ 62. Kb2 Ra5 63. Kb3 Ra1 64. Kb4 Ra2 65. Kb5
Ra3 66. Rc8 Kf6 67. Rc4 Kf5 68. Ra4 Rxa4 69. Kxa4 Ke4 70. a7 Kf3 71. a8=Q+ Kxg3
72. Qe4 1-0

[Event "Seefeld-Casino op 19th"]
[Site "Seefeld/Tirol (5.9.-13.9)"]
[Date "2008.09.12"]
[Round "8.8"]
[White "Mertens, Klaus"]
[Black "Quinn, John M."]
[Result "0-1"]
[WhiteElo "2001"]
[BlackElo "2150"]
[PlyCount "100"]
[EventDate "2008.09.??"]
[EventType "swiss"]
[EventRounds "9"]
[Source "Ganslmayer"]
[SourceDate "2010.03.14"]
[WhiteTeam "Mainz-Mombach SV"]
[BlackTeam "ENG/Ealing"]
[BlackTeamCountry "ENG"]

1. Nf3 Nf6 2. g3 g6 3. Bg2 Bg7 4. c4 d6 5. d4 O-O 6. O-O Nc6 7. h3 a6 8. Nc3
Rb8 9. a4 Bd7 10. Be3 Qc8 11. Kh2 Re8 12. d5 Na5 13. Nd2 c5 14. Ra2 Qd8 15. Qc2
Bf5 16. Nce4 b5 17. Nxf6+ Bxf6 18. Be4 Bxe4 19. Qxe4 Nxc4 20. Nxc4 bxc4 21.
Qxc4 Qa5 22. Qc2 Qb4 23. Rd1 Qb3 24. Qxb3 Rxb3 25. Bc1 Reb8 26. Rd2 R8b4 27.
Kg2 h5 28. e3 g5 29. Rc2 Kg7 30. Bd2 Rb8 31. Bc3 Bxc3 32. bxc3 f5 33. f4 g4 34.
h4 Kf6 35. Kf2 Rb1 36. Kg2 R8b3 37. a5 c4 38. Ra4 Rd1 39. Rxc4 Rxd5 40. Rb4 Ra3
41. c4 Rdxa5 42. Kf2 Ra2 43. Rbb2 Rxb2 44. Rxb2 Ra1 45. Rb8 Ra2+ 46. Kf1 a5 47.
Rf8+ Ke6 48. Rh8 a4 49. Rxh5 a3 50. Rh8 Rb2 0-1

[Event "Seefeld-Casino op 19th"]
[Site "Seefeld/Tirol (5.9.-13.9)"]
[Date "2008.09.12"]
[Round "8.9"]
[White "Meertens, Martin"]
[Black "Santl, Anton"]
[Result "1/2-1/2"]
[WhiteElo "2059"]
[BlackElo "2026"]
[PlyCount "57"]
[EventDate "2008.09.??"]
[EventType "swiss"]
[EventRounds "9"]
[Source "Ganslmayer"]
[SourceDate "2010.03.14"]
[BlackTeamCountry "ENG"]

1. e4 c5 2. Nf3 Nc6 3. d4 cxd4 4. Nxd4 Nf6 5. Nc3 d6 6. Bg5 e6 7. Qd2 Be7 8.
O-O-O O-O 9. f4 Nxd4 10. Qxd4 Qa5 11. Bc4 Bd7 12. e5 dxe5 13. fxe5 Bc6 14. Bd2
Nd7 15. Nd5 Qc5 16. Nxe7+ Qxe7 17. Rhe1 Rfd8 18. Qg4 Nf8 19. Bd3 Rxd3 20. cxd3
h5 21. Qxh5 Ba4 22. Kb1 Bxd1 23. Qxd1 Rd8 24. Qf3 Rd5 25. Bc3 b5 26. Qe4 Ng6
27. g3 Qd8 28. Rd1 a5 29. b3 1/2-1/2

[Event "Seefeld-Casino op 19th"]
[Site "Seefeld/Tirol (5.9.-13.9)"]
[Date "2008.09.12"]
[Round "8.10"]
[White "Gatterer, Matthias"]
[Black "Schmidt, Wolfgang(50)"]
[Result "1/2-1/2"]
[WhiteElo "2081"]
[BlackElo "2023"]
[PlyCount "50"]
[EventDate "2008.09.??"]
[EventType "swiss"]
[EventRounds "9"]
[Source "Ganslmayer"]
[SourceDate "2010.03.14"]
[WhiteTeam "ITA/Ehrenburg SK"]
[BlackTeam "Freiburg-Zähringen SK"]
[WhiteTeamCountry "ITA"]

1. d4 g6 2. Nf3 Bg7 3. g3 Nf6 4. Bg2 O-O 5. O-O d6 6. c4 Nc6 7. Nc3 e5 8. d5
Ne7 9. e4 Ne8 10. Ne1 f5 11. Nd3 Nf6 12. f4 fxe4 13. Nxe4 Nf5 14. fxe5 Nxe4 15.
Bxe4 dxe5 16. Rf2 Nd6 17. Rxf8+ Qxf8 18. Bg2 Nxc4 19. Qc2 Nd6 20. Be3 Bf5 21.
Qb3 b6 22. Rc1 Qe7 23. Nb4 a5 24. Nc6 Qd7 25. Qa4 Bf6 1/2-1/2

[Event "Seefeld-Casino op 19th"]
[Site "Seefeld/Tirol (5.9.-13.9)"]
[Date "2008.09.12"]
[Round "8.11"]
[White "Jolowicz, Matias Dr"]
[Black "Opitz, Christian"]
[Result "1-0"]
[WhiteElo "2027"]
[BlackElo "1939"]
[PlyCount "41"]
[EventDate "2008.09.??"]
[EventType "swiss"]
[EventRounds "9"]
[Source "Ganslmayer"]
[SourceDate "2010.03.14"]
[WhiteTeamCountry "ITA"]

1. c4 Nf6 2. g3 e6 3. Bg2 d5 4. Nf3 Be7 5. O-O O-O 6. b3 c5 7. e3 Nc6 8. Bb2 b6
9. Nc3 Bb7 10. cxd5 Nxd5 11. Nxd5 Qxd5 12. d4 cxd4 13. Nxd4 Qd7 14. Nxc6 Bxc6
15. Qxd7 Bxd7 16. Bxa8 Rxa8 17. Rac1 Bc5 18. Rfd1 Bb5 19. Bd4 Ba3 20. Rc2 Rd8
21. Rdd2 1-0

[Event "Seefeld-Casino op 19th"]
[Site "Seefeld/Tirol (5.9.-13.9)"]
[Date "2008.09.12"]
[Round "8.12"]
[White "Ranker, Klemens"]
[Black "Kesik, Klaus-Dieter"]
[Result "0-1"]
[WhiteElo "1862"]
[BlackElo "2185"]
[PlyCount "184"]
[EventDate "2008.09.??"]
[EventType "swiss"]
[EventRounds "9"]
[Source "Ganslmayer"]
[SourceDate "2010.03.14"]
[WhiteTeamCountry "ITA"]

1. e4 Nf6 2. Nc3 d5 3. exd5 Nxd5 4. Ne4 Bf5 5. Ng3 Bg6 6. Nf3 e6 7. Bc4 Nd7 8.
a3 Be7 9. d3 c5 10. Bd2 O-O 11. Qe2 Bf6 12. c3 Qc7 13. O-O N7b6 14. Ba2 Nf4 15.
Bxf4 Qxf4 16. Rad1 Rac8 17. Rd2 Rfd8 18. Rfd1 h5 19. Qe3 Qc7 20. Ne4 Be7 21.
Nfg5 Nd5 22. Qf3 Qe5 23. Nh3 h4 24. Qe2 Bh5 25. f3 Nf4 26. Nxf4 Qxf4 27. Rf1
Bd6 28. Nxd6 Rxd6 29. Re1 Bg6 30. Bb1 Rcd8 31. Bc2 e5 32. Qe3 Qxe3+ 33. Rxe3 f6
34. c4 Rd4 35. b3 a6 36. a4 b6 37. Kf2 Rb8 38. Re1 b5 39. axb5 axb5 40. cxb5
Rxb5 41. Ra1 Bf7 42. Ra8+ Kh7 43. Rc8 Be6 44. Rc7 Kh6 45. Ke3 Rdb4 46. g3 Bxb3
47. gxh4 Bxc2 48. Rxc2 Rxh4 49. Rc8 Kg6 50. Rc7 Rh7 51. Rg2+ Kh6 52. Ra7 g6 53.
Ra6 Rf7 54. Rc6 g5 55. Rc2 Rb1 56. R6xc5 Kg6 57. Rg2 Kf5 58. Ra5 Re1+ 59. Kd2
Rh1 60. Ke3 Rh7 61. Raa2 Rh3 62. Raf2 Ra1 63. Rb2 Rf1 64. Rbf2 Ra1 65. Rb2 Ra3
66. Rg4 Kg6 67. Rc4 Ra1 68. Re2 Rf1 69. Rf2 Rxf2 70. Kxf2 Rxh2+ 71. Ke3 Rh4 72.
Rc8 Rh3 73. Ke2 Kf5 74. Rc4 Rh2+ 75. Ke3 Rg2 76. Ra4 g4 77. fxg4+ Rxg4 78. Ra1
Rg3+ 79. Ke2 Rh3 80. Rf1+ Ke6 81. Ra1 f5 82. Ra6+ Kf7 83. Ra7+ Kg6 84. Ra6+ Kg5
85. Ra4 f4 86. Ra8 Re3+ 87. Kd2 Kg4 88. Ra1 Kg3 89. Rf1 Kg2 90. Ra1 Kf2 91. Ra8
Re2+ 92. Kc3 f3 0-1